000 01195cam a22002891 4500
001 4775
003 BD-RjUL
005 20211208233943.0
008 131223r1963 enk b 001 0 eng
035 _a(BD-RjUL) 4810
035 _a(OCoLC)896828
040 _aDLC
_cNRU
_dOCoLC
_dNcRS
_dOCoLC
_dOClW
_dBD-RjUL
_beng
041 _aeng
082 0 4 _223
_a320.80942
_bWEE 1963
100 1 _aWebb, Sidney
_d1859-1947.
_97713
245 1 0 _aEnglish prisons under local government /
_cSidney & Beatrice Webb. With pref. by Bernard Shaw.
260 _aLondon ;
_aNew York :
_bLongmans, Green,
_c1922 [reprinted 1963].
300 _alxxvi, 261 p.
_c22 cm.
400 1 1 _aTheir
_tEnglish local government,
_v6
500 _aDesigned as a historical introduction to "English prisons to-day, being the report of the Prison System Enquiry Committee", by Stephen Hobhouse and A. Fenner Brockway, to be published simultaneously with this volume. cf. Authors' note.
504 _aIncludes Index.
650 0 _aLocal government
_zGreat Britain
_915070
700 1 _aWebb, Beatrice Potter,
_d1858-1943,
_ejoint author.
_97715
700 1 _aShaw, Bernard,
_d1856-1950.
_912724
942 _2ddc
_cBK
999 _c4775
_d4775